Normal view
MARC view
- Pérez Wilson, Carlos
Entry Nombre Personal
001 - NUMERO DE CONTROL
- campo de control: 48733
003 - IDENTIFICADOR DE NUMERO DE CONTROL
- campo de control: UPN
005 - FECHA Y HORA DE LA ÜLTIMA TRANSACCIÓN
- campo de control: 20230424113358.0
008 - DATOS DE LONGITUD FIJA
- campo de control de longitud fija: 230424|| acn||aabn | a|a d
024 0# - OTROS IDENTIFICADORES NORMALIZADOS
- Número normalizado o código: http://orcid.org/0000-0001-6035-7341
040 ## - FUENTE DE CATALOGACIÓN
- Agencia original de catalogación: MX-MxUPN
100 ## - ENCABEZAMIENTO - NOMBRE PERSONAL
- Nombre personal: Pérez Wilson, Carlos
370 ## - LUGAR ASOCIADO
- Associated country: Chile
371 ## - DIRECCIÓN
- Address: carlos.perez@uoh.cl
372 ## - CAMPO DE ACTIVIDAD
- Field of activity: Enseñanza y aprendizaje de la matemática en el ciclo escolar; adaptación de metodologías de enseñanza para estudiantes autistas
373 ## - GRUPO ASOCIADO
- Associated group: Universidad de O'Higgins. Instituto de Ciencias Sociales.
374 ## - OCUPACIÓN
- Occupation: Profesor - Investigador universitario
- Occupation: Doctor en matemáticas aplicadas
670 ## - FUENTE EN LA QUE SE LOCALIZARON DATOS
- Cita de la fuente: En recurso en línea: Perfiles educativos, Vol. 45, no. 180 (2023)
- Información localizada: (Carlos Pérez Wilson)
- Uniform Resource Identifier: https://perfileseducativos.unam.mx/iisue_pe/index.php/perfiles/article/view/60206
902 ## - CATALOGADOR
- Catalogador: Leonor Sotres/240423
